Países que solo comparten una frontera terrestre - Estadísticas

Estadísticas generales
  • Esta prueba ha sido intentada 44 veces
  • La puntuación promedio es 15 de 17
Estadísticas de respuestas
Vecino País % Correcto
Reino Unido Irlanda
100%
España Portugal
100%
Italia Ciudad del Vaticano
98%
Corea del Norte Corea del Sur
98%
Haití República Dominicana
98%
Italia San Marino
98%
Estados Unidos Canadá
95%
Francia Mónaco
95%
República Dominicana Haití
93%
Irlanda Reino Unido
93%
Sudáfrica Lesoto
90%
Alemania Dinamarca
88%
Arabia Saudí Catar
85%
Indonesia Timor Oriental
80%
Senegal Gambia
78%
Indonesia Papúa Nueva Guinea
75%
Malasia Brunéi
73%
No se encontraron pruebas coincidentes
Distribución de puntuación
Porcentaje de gente con cada puntuación
Porcentaje por número respondido
Historial de tus puntuaciones
No has intentado esta prueba.